De quoi ce roi/cette reine de fiction est-il/elle le roi/la reine? - Statistiques

Statistiques générales
  • Ce quiz a été pris 26 fois
  • Le résultat moyen est 20 sur 60
Statistiques - réponses
Roi/Reine de fiction Univers De quoi est-il/elle le roi/la reine? % Correct
Arthur Légende arthurienne De Bretagne
92%
Kuei Avatar: Le Dernier Maîtrede l'Air De la Terre
83%
Sailor Moon Sailor Moon De la Terre
83%
Triton La Petite Sirène De la Mer
79%
Zeus Mythologie grecque Des Dieux
79%
Priam L'Iliade De Troie
75%
Caspian Le Monde de Narnia De Narnia
67%
T'Challa Black Panther Du Wakanda
67%
Ozma Le Magicien d'Oz De la Cité d'Emeraude
58%
Aragorn Le Seigneur des Anneaux Du Gondor
58%
Odin Mythologie nordique D'Asgard
54%
Louie Le Livre de la Jungle Des Singes
54%
Cronos Mythologie grecque Des Titans
54%
Ulysse L'Iliade D'Ithaque
54%
Padmé Amidala Star Wars De Naboo
50%
Reine de coeur Alice au Pays des Merveilles Du Pays des Merveilles
50%
Elsa La Reine des Neiges D'Arendelle
46%
King Julian Madagascar Des Lémuriens
46%
Ottokar IV Tintin De Syldavie
46%
Robert Baratheon Game of Thrones De Westeros
46%
Claudius Hamlet Du Danemark
46%
Mufasa Le Roi Lion De la Terre des Lions
42%
Theoden Le Seigneur des Anneaux Du Rohan
42%
Harold Shrek De Fort Fort Lointain
38%
Nefertari Cobra One Piece D'Alabasta
33%
Historia L'Attaque des Titans De Paradis
33%
Porphyrion Mythologie grecque Des Géants
33%
Rhoam Bosphoramus The Legend of Zelda D'Hyrule
33%
Imu One Piece Du Monde
33%
Doflamingo One Piece De Dressrosa
29%
Thror Le Hobbit D'Erebor
29%
Zeno Dragon Bal Super Des Univers
29%
Neptune One Piece Du Royaume Ryugu
29%
Calanthe The Witcher De Cintra
25%
Roi Dadidou Kirby De Dreamland
21%
N Pokémon De la Team Plasma
21%
Laufey Thor Des Géants de Glace
21%
Bowser Mario Des Koopas
21%
Reine Moustoria Basil, Detective Privé Du Royaume des Souris d'Angleterre
21%
Jade Fairy Tail De Fiore
17%
Simon Petrikov Adventure Time Des Glaces
17%
Narissa Il était une fois D'Andalasia
13%
Elinor Rebelle De Dunbroch
13%
Hoole Les Gardiens de Ga'Hoole De l'Arbre de Ga'Hoole
13%
Bartra Seven Deadly Sins De Liones
13%
Magnifico Wish, Asha et la Dernière Etoile De Rosas
13%
King Seven Deadly Sins Des Fées
13%
Ménator Les Mystérieuses Cités d'Or Des Olmèques
13%
Augustus Kira Black Clover De Clover
8%
Zoya Nazyalensky Six of Crows De Ravka
8%
Hippolyte Mythologie grecque Des Amazones
8%
Surt Myhtologie nordique Des Géants de Feu
8%
Reine Luna Winx De Solaria
8%
Luxa Gregor De Sous-Terre
8%
Foltest The Witcher De Témérie
8%
Roi Mickey Kingdom Hearts De Château Disney
4%
Asgore Undertale De l'Outremonde
4%
King K.Rool Donkey Kong Des Kremlings
4%
Roi Trode Dragon Quest VIII De Trodain
4%
Sheran Sharm Wakfu Du Royaume Sadida
4%
Aucun quiz correspondant
Distribution des résultats
% des personnes avec chaque résultat
Percentile par nombre de réponses
Votre historique - résultats
Vous n’avez pas pris ce quiz